Reconnais tu les décors Disney/Pixar ? - Statistiques

Statistiques générales
  • Ce quiz a été pris 131 fois
  • Le résultat moyen est 10 sur 16
Statistiques - réponses
Par images Réponse % Correct
vice versa
99%
ratatouille
92%
coco
85%
vaiana
83%
peter pan
76%
hercule
75%
zootopie
71%
encanto
70%
tarzan
64%
lilo et stitch
60%
le livre de la jungle
56%
les mondes de ralph
53%
pinocchio
50%
toy story 3
39%
elementaire
36%
monstres academy
15%
Aucun quiz correspondant
Distribution des résultats
% des personnes avec chaque résultat
Percentile par nombre de réponses
Votre historique - résultats
Vous n’avez pas pris ce quiz